Normal view
MARC view
- Srivavstava,.K.A
Entry Personal Name
001 - CONTROL NUMBER
- control field: 124314
003 - CONTROL NUMBER IDENTIFIER
- control field: NUST
005 - DATE AND TIME OF LATEST TRANSACTION
- control field: 20240709175112.0
008 - FIXED-LENGTH DATA ELEMENTS
- fixed length control field: 240709|| aca||aabn | a|a d
040 ## - CATALOGING SOURCE
- Original cataloging agency: NUST
- Transcribing agency: NUST
100 ## - HEADING--PERSONAL NAME
- Personal name: Srivavstava,.K.A
670 ## - SOURCE DATA FOUND
- Source citation: Work cat.: (NUST): Srivavstava,.K.A, Strength of Materials, 2012.
